Statistiques concernant Top 15 des pays avec les décès de Covid-19 - 8 mar 2021

Cliquez ici pour prendre le quiz!

Statistiques générales

  • Ce quiz a été pris 17 fois
  • Le résultat moyen est 12 sur 24

Statistiques - réponses

pays% Correct
France
100%
Espagne
94%
Etats-Unis
94%
Allemagne
82%
Inde
82%
Italie
76%
Mexique
76%
Royaume-Uni
76%
Belgique
71%
Russie
71%
Brésil
65%
Portugal
59%
Argentine
41%
Afrique du Sud
29%
Colombie
29%
Iran
29%
Pérou
29%
Tchèquie
24%
Hongrie
18%
Bosnie-Herzégovine
6%
Bulgarie
6%
Macédoine du Nord
6%
Slovaquie
6%
Slovénie
6%

Distribution des résultats

Percentile par nombre de réponses

% des personnes avec chaque résultat

Votre développement - résultats

Vous n’avez pas pris ce quiz